El cristianismo y la lucha de clases: dignidad del cristianismo e indignidad de los cristianos

Збережено в:
Бібліографічні деталі
Автор: Berdiaeff, Nicolás (Автор)
Формат: Книга
Мова:Іспанська
Опубліковано: Madrid Espasa-Calpe 1963
Редагування:6a. ed
Серія:Colección Austral, 61
Предмети:
Теги: Додати тег
Немає тегів, Будьте першим, хто поставить тег для цього запису!

MARC

LEADER 00000nam a2200000 a 4500
001 UCY6905
003 CL-VaPUC
008 950602e19630904SP |||||||||||||||||spa|d
082 0 4 |a 261.83  |b BER  |2 21 
100 |a Berdiaeff, Nicolás  |e author  |9 579056 
245 1 3 |a El cristianismo y la lucha de clases: dignidad del cristianismo e indignidad de los cristianos 
250 |a 6a. ed 
300 |a 152 p 
942 |c BK 
945 |d 19950602 00:00:00  |a mfernand 
260 |a Madrid  |b Espasa-Calpe  |c 1963 
650 0 |a Cristianismo  |9 257361 
650 0 |a Comunismo  |9 255588 
650 0 |a Clases sociales  |9 256858 
650 7 |a CONFLICTO DE CLASES  |2 CL-VaPUC  |9 337068 
650 0 |a Doctrina social de la iglesia  |9 257333 
650 0 |a Problemas sociales  |9 258537 
650 0 |a Libre albedrío  |9 334583 
650 0 |a Sociedad  |9 307903 
650 0 |a Catolicismo  |9 258690 
583 |a last modification  |c 19950602 00:00:00  |k Rodrigo Vera 
490 0 |a Colección Austral, 61 
999 |c 234388  |d 234386